| 000 | 02048nam0a2200373 4500 | ||
|---|---|---|---|
| 001 | RU\NLR\bibl\444459 | ||
| 005 | 20250623175919.0 | ||
| 010 |
_a5-8279-0036-2 _9500 |
||
| 021 |
_aRU _b2003-44752 _92132 |
||
| 035 | _a(NLR Aleph) 000438156 | ||
| 090 |
_a797094 _c797094 |
||
| 100 | _a20031008d2003 |||y0rusy50 ca | ||
| 101 | 0 | _arus | |
| 102 | _aRU | ||
| 105 | _aa ||||||||| | ||
| 200 | 1 |
_aМагнитные полупроводники _eУчеб. пособие для студентов вузов по спец. 010600 - Физика конднсир. состояния вещества _fЛ.И. Королева |
|
| 210 |
_aМ. _cФиз. фак. МГУ _d2003 |
||
| 215 |
_a312 с. _cил. _d23 |
||
| 300 | _aНа тит.л.: Физ. фак. МГУ 70 лет. | ||
| 313 | _aматериалы в радиоэлектронике и выч.технике | ||
| 320 | _aБиблиогр. в конце гл. | ||
| 606 | 0 |
_aМагнитные материалы в радиоэлектронике _jРуководства, пособия и т.п. для высшей школы _91641679 _3RU\NLR\auth\66726065 |
|
| 606 | 0 |
_aРадиотехнические материалы магнитные _jУчебные издания для высших учебных заведений _92294124 _3RU\NLR\auth\661373790 |
|
| 606 | 0 |
_aПолупроводники магнитные _jРуководства, пособия и т.п. для высшей школы _91179221 _3RU\NLR\auth\66474269 |
|
| 606 | 0 |
_aМагнитные полупроводники _jУчебные издания для высших учебных заведений _92310027 _3RU\NLR\auth\661382560 |
|
| 686 | _aЗ843.39я73-1 | ||
| 700 | 1 |
_4070 _7ca _8rus _aКоролева _bЛ. И. _cд-р физ.-мат. наук _gЛюдмила Ивановна _9219836 _3RU\NLR\AUTH\770219892 |
|
| 801 | 0 |
_aRU _bNLR _c20031008 _gPSBO |
|
| 801 | 1 |
_aRU _bNLR _c20031008 |
|
| 830 | _aАвт. по кн. | ||
| 942 | _cBOOK | ||
| 980 | _aNB | ||